Une image -> une année (1) - Statistiques

Statistiques générales
  • Ce quiz a été pris 69 fois
  • Le résultat moyen est 9 sur 24
Statistiques - réponses
Par images Hint Réponse % Correct
Assassinat 1914
95%
Paris 1789
84%
Exposition 1900
69%
Exécution 1793
67%
Charlemagne 800
66%
Construction 1889
58%
Début de l affaire 1894
56%
Notre-Dame 1804
47%
Séparation 1905
44%
Vercingétorix {52} avant J-C
41%
Bataille 1815
38%
Empire 395
34%
Ecole 1882
31%
Grenade 1492
27%
Schoelcher 1848
25%
Naissance 1638
23%
Clovis 496
19%
Médine 622
19%
Henri IV 1598
17%
Rome {753} avant J-C
16%
Philippe Auguste 1214
14%
Hugues Capet 987
14%
Néron 64
13%
Constantinople 1204
6%
Aucun quiz correspondant
Distribution des résultats
% des personnes avec chaque résultat
Percentile par nombre de réponses
Votre historique - résultats
Vous n’avez pas pris ce quiz